000 00453nam a2200193Ia 4500
005 20250603144438.0
008 250603s9999 xx 000 0 und d
020 _a978-0-273-70922-0
050 _aHF 5636. D67/
100 _aJoh R. Dyson
245 0 _aAccounting for Non Accounting Student
250 _a7th ed.
260 _aHarlow
260 _bPearson Education
260 _c2007
300 _a508 p
650 _aHarlow
942 _cBK
999 _c38939
_d38939